Una fiscalía de cara a la comunidad: avances y desafíos. Inauguración del año académico miércoles 23 de marzo 2016

Gorde:
Xehetasun bibliografikoak
Egile nagusia: Abbott Charme, Jorge (Egilea)
Formatua: Liburua
Hizkuntza:gaztelania
Argitaratua: Valparaíso Pontificia Universidad Católica de Valparaíso 2016
Edizioa:1a. ed
Gaiak:
Etiketak: Etiketa erantsi
Etiketarik gabe, Izan zaitez lehena erregistro honi etiketa jartzen!

MARC

LEADER 00000cam a2200000 a 4500
001 UCC4122
003 CL-VaPUC
008 180713e20160000cl |||||||||||||||||spa|d
082 0 4 |a 378.2  |b ABB  |2 21 
100 0 |a Abbott Charme, Jorge  |e author  |9 598275 
245 1 4 |a Una fiscalía de cara a la comunidad: avances y desafíos. Inauguración del año académico miércoles 23 de marzo 2016 
250 |a 1a. ed 
300 |a 19 p 
942 |c BK 
945 |d 20180713 16:22:00  |a dcastane 
260 |a Valparaíso  |b Pontificia Universidad Católica de Valparaíso  |c 2016 
650 0 |a Discursos académicos   |9 472395 
583 |a last modification  |c 20180713 16:22:00  |k Rodrigo Vera 
999 |c 371719  |d 371717 
952 |0 0  |1 0  |2 ddc  |3 erb  |4 0  |6 378_200000000000000_ABB_2016  |7 0  |8 A  |9 488830  |a BIBDER  |b BIBDER  |i 5480728  |o 378.2 ABB 2016  |p 5480728  |r 2023-01-25  |w 2019-11-24  |y MX  |z Catalogado en:20180713  |k DER 
952 |0 0  |1 0  |2 ddc  |3 erb  |4 0  |6 378_200000000000000_ABB_2016  |7 0  |8 A  |9 488831  |a BIBDER  |b BIBDER  |i 548071K  |o 378.2 ABB 2016  |p 548071K  |r 2023-01-25  |w 2019-11-24  |y MX  |z Catalogado en:20180713  |k DER 
952 |0 0  |1 0  |2 ddc  |3 erb  |4 0  |6 378_200000000000000_ABB_2016  |7 0  |8 A  |9 488832  |a BIBDER  |b BIBDER  |i 5480701  |o 378.2 ABB 2016  |p 5480701  |r 2023-01-25  |w 2019-11-24  |y MX  |z Catalogado en:20180713  |k DER 
952 |0 0  |1 0  |3 erb  |4 0  |6 378_200000000000000_ABB_2016  |7 0  |8 X  |9 488833  |a FDOBUD  |b FDOBUD  |i 5500958  |o 378.2 ABB 2016  |p 5500958  |r 2019-11-24  |w 2019-11-24  |y BK_X  |z Catalogado en:20181026  |k FHP